000
00294 a2200109 4500
001
ART_24960
005
20260410161933.0
008
260409a
245
1
0
_a
La producción de oro
100
1
_a
de Pablos, Tomás
773
0
_t
Informe
_g
- Año I, Nº 6 (dic. 1969)
_w
REV23765
999
_c
28778
_d
28778